| 000 | 00915nam a2200277 i 4500 | ||
|---|---|---|---|
| 003 | EG-GICUC | ||
| 005 | 20260502065446.0 | ||
| 008 | 260419s1983 it ||f |||| 00| 0 fr d | ||
| 040 |
_aEG-GiCUC _bfre _cEG-GiCUC _dEG-GiCUC _eRda |
||
| 041 | _afre | ||
| 082 | 0 | 4 |
_221 _a343.411040 _bCO. D |
| 092 | 0 | 4 | _221 |
| 099 | _aLaw1 10 343.411040 CO. D 1983 1010764 | ||
| 110 | 2 | _kConsiglio Superiore Della Magistratura. | |
| 245 | 1 | 3 |
_aIl Diritto Penale Europeo Dell'economia / _cConsiglio Superiore Della Magistratura. |
| 264 | 1 |
_aRoma : _bArti Grafiche Jasillo, _c1983. |
|
| 300 |
_a243 Pages ; _c24 cm. |
||
| 336 |
_2rda contenu _a texte |
||
| 337 |
_2rda medias _aOrdinateur |
||
| 338 |
_2 transporteur rda _a Ressource en ligne |
||
| 650 | 1 | 4 | _aDroit pénal |
| 650 | 1 | 4 | _aCode pénal économique |
| 856 | 4 | 0 | _uhttps://fll.law.cu.edu.eg/fulltext/bks/B10-10764.pdf |
| 905 |
_a164 _eEman |
||
| 942 |
_2ddc _cBK _e21 _n0 |
||
| 999 |
_c71793 _d71793 |
||